Canzoni di thasup - Statistics

Statistiche generali
  • Questo quiz è stato fatto 77 volte
  • Il punteggio medio è 45 su 73
Statistiche sulle risposte
Album Anno Feat Risposta % Corretto
23 6451 2020 bbno$ 0ffline
95%
23 6451 2020 Nitro 6itch remix
88%
23 6451 2020 Dani Faiv no14
88%
23 6451 2020 Nayt oh 9od
88%
23 6451 2020 - blun7 a swishland
86%
23 6451 2020 Mara Sattei m12lano
86%
c@ra++ere s?ec!@le 2022 - m%n
86%
23 6451 2020 - scoul4
84%
23 6451 2020 - m8nstar
83%
23 6451 2020 - 2ollipop
81%
23 6451 2020 - 5olo
81%
23 6451 2020 - come fa1
81%
23 6451 2020 - fuck 3x
81%
c@ra++ere s?ec!@le 2022 Lazza, Sfera Ebbasta s!r!
81%
23 6451 2020 Lazza gua10
78%
c@ra++ere s?ec!@le 2022 Coez !ly
78%
c@ra++ere s?ec!@le 2022 Tiziano Ferro r()t()nda
78%
23 6451 2020 - ch1 5ei te
76%
23 6451 2020 Gemitaiz, Madman pers0na2
76%
c@ra++ere s?ec!@le 2022 Pinguini Tattici Nucleari r!va
76%
23 6451 2020 Mahmood 8brosk1
74%
c@ra++ere s?ec!@le 2022 Rondodasosa c!ao
74%
23 6451 2020 Marracash occh1 purpl3
74%
23 6451 2020 Fabri Fibra parano1a k1d
74%
23 6451 2020 Salmo sw1ng6o
74%
c@ra++ere s?ec!@le 2022 Tananai sci@ll@
72%
c@ra++ere s?ec!@le 2022 Salmo cas!no nella m!a testa
71%
23 6451 2020 - bubb1e 9um
69%
c@ra++ere s?ec!@le 2022 Tedua Dimmi Che C'è
69%
c@ra++ere s?ec!@le 2022 - molecole (interlude)
69%
c@ra++ere s?ec!@le 2022 Shiva ye@h
69%
23 6451 2020 - 7rapper ma1
67%
c@ra++ere s?ec!@le 2022 Mara Sattei l%p
67%
c@ra++ere s?ec!@le 2022 Rkomi rock & rolla
67%
sFaCioLaTe miXTaPe 2024 yungest Moonstar gRiZzly
62%
CASA GOSPEL 2024 Mara Sattei EGLI E IL RE
60%
c@ra++ere s?ec!@le 2022 - _bilico_
57%
sFaCioLaTe miXTaPe 2024 yungest Moonstar LeanTro
57%
sFaCioLaTe miXTaPe 2024 yungest Moonstar SELECAO (prod. MILES) 07.07.23
57%
sFaCioLaTe miXTaPe 2024 yungest Moonstar Sostituite (outro)
57%
sFaCioLaTe miXTaPe 2024 yungest Moonstar gReeN
55%
CASA GOSPEL 2024 Mara Sattei POSTO MIO
55%
sFaCioLaTe miXTaPe 2024 yungest Moonstar Se SipPo La LeaN
55%
sFaCioLaTe miXTaPe 2024 yungest Moonstar gRaZie A Dio
53%
c@ra++ere s?ec!@le 2022 - w()ah
53%
c@ra++ere s?ec!@le 2022 - b@by nel bed
52%
CASA GOSPEL 2024 Mara Sattei ONE KING
52%
CASA GOSPEL 2024 Mara Sattei BLESS SU BLESS
50%
c@ra++ere s?ec!@le 2022 - come t! vorre!
50%
c@ra++ere s?ec!@le 2022 - ma+e
50%
sFaCioLaTe miXTaPe 2024 yungest Moonstar mooNsTaR tReK
48%
CASA GOSPEL 2024 Mara Sattei OCCHI MIEI
48%
sFaCioLaTe miXTaPe 2024 yungest Moonstar sPicCie TagLi
48%
sFaCioLaTe miXTaPe 2024 yungest Moonstar wocK
48%
sFaCioLaTe miXTaPe 2024 yungest Moonstar xaN
48%
sFaCioLaTe miXTaPe 2024 yungest Moonstar netflixXx
47%
sFaCioLaTe miXTaPe 2024 yungest Moonstar noN puoi faRe naDa
47%
CASA GOSPEL 2024 Mara Sattei SO CHE CI SEI
47%
CASA GOSPEL 2024 Mara Sattei BACK TO BACK
45%
sFaCioLaTe miXTaPe 2024 yungest Moonstar coMpResse
45%
c@ra++ere s?ec!@le 2022 - mi @mi o è f@ke
45%
c@ra++ere s?ec!@le 2022 - okk@pp@
45%
sFaCioLaTe miXTaPe 2024 yungest Moonstar SqUad
45%
sFaCioLaTe miXTaPe 2024 yungest Moonstar tRaSh caBareT
45%
sFaCioLaTe miXTaPe 2024 yungest Moonstar sMash
43%
sFaCioLaTe miXTaPe 2024 yungest Moonstar xK.
43%
sFaCioLaTe miXTaPe 2024 yungest Moonstar bLa bLa
41%
sFaCioLaTe miXTaPe 2024 yungest Moonstar kiSs
41%
CASA GOSPEL 2024 Mara Sattei COME POLVERE
38%
c@ra++ere s?ec!@le 2022 - + bla se c'è bling
36%
- 2023 - URAGANO DAMN
34%
- 2021 yungest Moonstar, Neffa uNa DiReioNe giUsTa
9%
sFaCioLaTe miXTaPe 2024 yungest Moonstar iN uNa buBlLe
3%
Nessun quiz corrispondente trovato
Distribuzione punteggi
Percentuale di utenti per punteggio
Percentile per numero di risposta
I tuoi punteggi nel tempo
Non hai fatto questo quiz